Hudební výchova : pracovní sešit : pro žáky 1. stupně ZŠ /

Hlavní autor: Staněk, Martin, 1989-
Další autoři: Nováková, Magdalena, Buřilová, Radka, Wantulok, Tomáš
Jazyk: Čeština
Vydáno: Praha : V lavici s.r.o. - vzdělávací portál pro pedagogy, žáky a jejich rodiče, [2023]
Témata:
Fyzický popis: 22 stran : ilustrace ; 30 cm
Knihy
Uloženo v:
LEADER 01823cam a2200481 i 4500
001 nkc20223478647
003 CZ PrNK
005 20231004140709.0
007 ta
008 221122s2023 xr a b p 000 0 cze d
015 |a cnb003478647 
020 |a 978-80-88466-10-9  |q (brožováno) 
035 |a (OCoLC)1402155227 
040 |a KLG001  |b cze  |d OLA001  |d ABA001  |e rda 
072 7 |a 78  |x Hudba  |2 Konspekt  |9 9 
072 7 |a 37.016  |x Učební osnovy. Vyučovací předměty. Učebnice  |2 Konspekt  |9 22 
080 |a 78:37.016  |2 MRF 
080 |a (075.2)  |2 MRF 
080 |a (076.1)  |2 MRF 
100 1 |a Staněk, Martin,  |d 1989-  |7 jo20201068881  |4 aut 
245 1 0 |a Hudební výchova :  |b pracovní sešit : pro žáky 1. stupně ZŠ /  |c autoři: Martin Staněk, Magdalena Nováková, Radka Buřilová ; ilustrace: Tomáš Wantulok 
264 1 |a Praha :  |b V lavici s.r.o. - vzdělávací portál pro pedagogy, žáky a jejich rodiče,  |c [2023] 
300 |a 22 stran :  |b ilustrace ;  |c 30 cm 
336 |a text  |b txt  |2 rdacontent 
336 |a statický obraz  |b sti  |2 rdacontent 
337 |a bez média  |b n  |2 rdamedia 
338 |a svazek  |b nc  |2 rdacarrier 
500 |a Název z obálky 
650 0 7 |a hudební výchova  |7 ph120934  |2 czenas 
650 0 9 |a musical learning and teaching  |2 eczenas 
655 7 |a učebnice základních škol  |7 fd133773  |2 czenas 
655 7 |a pracovní sešity  |7 fd133116  |2 czenas 
655 9 |a textbooks (elementary)  |2 eczenas 
655 9 |a activity books  |2 eczenas 
700 1 |a Nováková, Magdalena  |4 aut 
700 1 |a Buřilová, Radka  |4 aut 
700 1 |a Wantulok, Tomáš  |4 ill 
910 2 |a BOA001  |b 4-1513.920 
920 |a 1407518  |z KLG001 
990 |a BK 
995 |a 01 
991 |b 202310  |c NOV 
996 6 |b 2610950007  |c 4-1513.920  |l MZK  |r Sklad / do 1 hodiny  |n 2  |p p.v.  |w 001939640  |u 000010  |a 1  |e BOA001  |j MZK50  |s P